Statistics for donald trump quiz for class

Click here to take the quiz!

General Stats

  • This quiz has been taken 68 times
  • The average score is 6 of 10

Answer Stats

HintAnswer% Correct
number of wifes he had3
95%
kidivanka trump
90%
kideric trump
85%
kidbarron trump
77%
kidtiffany trump
70%
fatherfred trump
56%
kiddonald trump jr.
49%
age he joined acadamey13
41%
city he lives inmanhattan
25%
motherMary Anne MacLeod
25%

Score Distribution

Percentile by Number Answered

Percent of People with Each Score

Your Score History

You have not taken this quiz